| 000 | 00526nam a2200169 a 4500 | ||
|---|---|---|---|
| 001 | 17988 | ||
| 005 | 20180713211210.0 | ||
| 008 | 140415s1987 000 0 spa d | ||
| 041 | _aspa | ||
| 082 |
_a306.8 _bMOR |
||
| 100 | 1 | _aMorandé, Pedro. | |
| 245 | 1 | 0 |
_aCULTURA Y MODERNIZACION EN AMERICA LATINA ENSAYO : _bSOCIOLOGICO ACERCA DE LA CRISIS DEL DESARROLLISMO Y DE ... |
| 260 |
_a[s.l.] : _bENCUENTRO, _c1987 |
||
| 300 | _a187 | ||
| 490 |
_aENSAYOS _v36 |
||
| 650 | 1 | 4 |
_aCULTURA _xAMERICA LATINA _xSOCIOLOGIA |
| 999 |
_c17988 _d17988 |
||